Canciones de Bad Gyal - Estadísticas

Estadísticas generales
  • Esta prueba ha sido intentada 521 veces
  • La puntuación promedio es 37 de 80
Estadísticas de respuestas
Hint Respuesta % Correcto
4 Fiebre
90%
2023 Chulo
82%
10 Chulo pt.2
82%
5 Mercadona
77%
2019 Zorra
77%
8 Zorra (Remix)
77%
2024 Perdió
72%
1 Nueva York (Toto)
67%
2 44
64%
2021 Flow 2000
64%
2022 Flow 2000 (Remix)
64%
6 Perdió Este Culo
64%
2 Su Payita (Gramos)
64%
2019 Santa María
62%
3 Blin Blin
61%
2 Mi Lova
59%
14 Real G
59%
2019 Alocao
58%
2017 Jacaranda
58%
15 Otra Vez Más
57%
3 Slim Thick
57%
12 Sexy
56%
2020 Tu Eres Un Bom Bom (Remix)
56%
8 Bad Boy
55%
5 La Que No Se Mueva
55%
7 Aprendiendo El Sexo
54%
2024 Duro De Verdad Pt.2
54%
2019 Hookah
54%
4 Bota Niña
53%
9 Skit
53%
1 Intro
52%
1 Intro
52%
2024 Guay
50%
2 Internationally
50%
2022 La Prendo
50%
7 Sin Carné
50%
4 Judas
48%
5 Candela
47%
6 Gasto
47%
2024 Sexe Sexy
47%
3 Give Me
46%
2022 Tremendo Culón
46%
2023 KÁRMIKA
45%
13 Pop Pop
45%
1 Pussy
45%
2 Despacio
44%
2023 Enamórate
44%
5 Iconic
44%
11 Así Soy
43%
2021 BOBO
40%
2018 Open The Door
40%
2016 Pai
40%
3 Tra
40%
2018 Tra
40%
8 Tu Moto
40%
2024 Double Team
37%
2018 Más Raro
36%
3 Dinero
35%
6 Turn Me On
35%
4 Yo Sigo Iual
34%
2023 QUE RICO
33%
2023 El Sol Me Da
31%
2023 GHETTO PRINCESS
30%
2022 Formosa (Remix)
29%
7 Blink
28%
7 Smthin Like This
27%
1 D Way You Do Me
26%
2024 Party Amanecio
25%
6 Trust
25%
2024 Gato
24%
2020 Kiyaera
22%
9 Realize
22%
2017 Nicest Cocky
21%
2016 Indapanden
18%
2023 BARCELONA
17%
2018 Por Ti
17%
2018 Unknown Feeling
17%
2021 Esta Noche
15%
2016 Leiriss
9%
2016 No Pierdo Nada
8%
No se encontraron pruebas coincidentes
Distribución de puntuación
Porcentaje de gente con cada puntuación
Porcentaje por número respondido
Historial de tus puntuaciones
No has intentado esta prueba.